000 00738nam a2200253Ia 4500
003 OSt
005 20220926005236.0
006 a|||||r|||| 00| 0
007 ta
008 220923b |||||||| |||| 00| 0 eng d
020 _a8178292033
037 _cGeneral Book
040 _aRTL
_cRTL
_beng
041 _2eng
_aeng
082 _aY: C86, P3
100 _aRaju C K
_9147072
245 0 _aEleven pictures of time
_bThe phsics, phylosophy, and politics of time beliefs
260 _a New Delhi
_bSage Publications India
_c2003
300 _a587p.
_ccm.
500 _aAppendix P 443-54; Glossary P 493-500
650 _aSociometry
942 _hY: C86, P3
_cGB
_2CC
999 _c613252
_d613252